Datum a čas kvízu

23 Celkem bodů Celkový počet nahraných bodů na tomto kvízu bez doplňovacích otázek.
7. Pořadí na kvízu Konečné umístění týmu na tomto kvízu.

Zaznamenané odpovědi

# Otázka Odpověď Body Výsledky
1. Vláda minulý týden oznámila, ž... Marian Jurečka 0
2. Ruská plynárenská společnost G... Polsko, Bulharsko 1
3. Ve středu večer se konalo slav... David Stypka 0
4. Minulý týden konečně nabyl jas... Elon Musk, Twitter 1
5. Česká snowboardistka a sjezdov... windsurfing 0
6. Při závodech osmiveslic nesmí... kormidelníka 1
7. Seřaďte následující zvířata po... 1A 2D 3C 4B 0
8. Sféra s 26 otvory, plocha 800... o florbale 1
9. Kterou hodnotu určuje číslo 13... C 1
10. Křížová cesta je řada kapliček... 14 zastavení 0